00323nam a2200121 a 450000500170000000800410001702000180005805000200007624500360009626000400013230000090017244000200018120140412111423.0080124s19uu xx 00 eng d a2-89393-775-6 aERbWi63po 1998 aPooh's Spring-Cleaning Mystery. aChina :bDisney Interprises,c1998. aunp. aWinnie the Pooh